| 000 | 00627nam a2200193Ia 4500 | ||
|---|---|---|---|
| 003 | IN-BaIIA | ||
| 008 | 211028s9999 xx 000 0 eng d | ||
| 040 | _cIIA Library | ||
| 080 |
_a620.18 _bKEH |
||
| 100 |
_aKehl, L George _95500 |
||
| 245 | 4 |
_aThe principles of metallographic laboratory practice _cGeorge L. Kehl |
|
| 250 | _a3rd ed | ||
| 260 |
_aNew Delhi _bEurasia Publishing _c1965 |
||
| 300 | _axiv, 520p. | ||
| 490 | _aMetallurgy and metallurgical engineering series | ||
| 650 | _aAstronomy and Astrophysics Thesaurus | ||
| 650 |
_aMatallography _95501 |
||
| 942 | _cBK | ||
| 999 |
_c3098 _d3098 |
||